La revolución surrealista (Record no. 21988)

MARC details
000 -LEADER
campo de control de longitud fija 00943nmm a2200337 a 4500
003 - IDENTIFICADOR DE NÚMERO DE CONTROL
campo de control AR-X00000XY
005 - FECHA Y HORA DE LA ÚLTIMA TRANSACCIÓN
campo de control 20251128212009.0
008 - DATOS DE LONGITUD FIJA--INFORMACIÓN GENERAL
campo de control de longitud fija 077020s1970 ||||||||||||||000 | spa||
040 ## - FUENTE DE CATALOGACIÓN
Centro/agencia transcriptor AR-X00000XY
100 1# - ENTRADA PRINCIPAL--NOMBRE DE PERSONA
Nombre de persona Tarn, Nathaniel
245 10 - MENCIÓN DEL TÍTULO
Título La revolución surrealista
Resto del título a través de André Breton
260 ## - PUBLICACIÓN, DISTRIBUCIÓN, ETC.
Lugar de publicación, distribución, etc. Caracas
Nombre del editor, distribuidor, etc. Monte Avila Editores
Fecha de publicación, distribución, etc. 1970
300 0# - DESCRIPCIÓN FÍSICA
Extensión 133 p.
500 0# - NOTA GENERAL
Nota general Con anotaciones manuscritas de Alejandra Pizarnik
655 ## - TERMINO DE INDIZACIÓN--GENERO/FORMA
Datos o término principal de género/forma LITERATURA
700 1# - ENTRADA AGREGADA--NOMBRE PERSONAL
Nombre de persona Arrabal, Fernando
700 1# - ENTRADA AGREGADA--NOMBRE PERSONAL
Nombre de persona Masson, André
700 1# - ENTRADA AGREGADA--NOMBRE PERSONAL
Nombre de persona Starobinski, Jean
700 1# - ENTRADA AGREGADA--NOMBRE PERSONAL
Nombre de persona Caillois, Roger
700 1# - ENTRADA AGREGADA--NOMBRE PERSONAL
Nombre de persona Pieyre de Mandiargues, André
700 1# - ENTRADA AGREGADA--NOMBRE PERSONAL
Nombre de persona Queneau, Raymond
700 1# - ENTRADA AGREGADA--NOMBRE PERSONAL
Nombre de persona Richard, Claude
700 1# - ENTRADA AGREGADA--NOMBRE PERSONAL
Nombre de persona Belaval, Yvon
700 1# - ENTRADA AGREGADA--NOMBRE PERSONAL
Nombre de persona Paulhan, Jean
700 1# - ENTRADA AGREGADA--NOMBRE PERSONAL
Nombre de persona Gracq, Julien
700 1# - ENTRADA AGREGADA--NOMBRE PERSONAL
Nombre de persona Lefebvbre, Henri
700 0# - ENTRADA AGREGADA--NOMBRE PERSONAL
Nombre de persona Etiemble
700 1# - ENTRADA AGREGADA--NOMBRE PERSONAL
Nombre de persona Bengolea, María Raquel
Término indicativo de función/relación traductor
942 ## - ELEMENTOS DE ENTRADA SECUNDARIOS (KOHA)
Tipo de ítem Koha Libros
998 ## - INFORMACIÓN DE CONTROL LOCAL (RLIN)
Iniciales del catalogador, CIN (RLIN) martin
Holdings
Estatus retirado Estado de pérdida Fuente de la clasificación o esquema de estantería Estado de daño Restricciones de uso No para préstamo Biblioteca de origen Biblioteca actual Fecha de adquisición Total de préstamos Código de barras Visto por última vez Precio de reemplazo Tipo de ítem Koha
    Clasificación Decimal Dewey   Acceso restringido No para préstamo Liberty Liberty 28/11/2025   146161 28/11/2025 28/11/2025 Libros